Countries with Plant in their Flags - Statistics

General Stats
  • This quiz has been taken 2,148 times
    2,055 since last reset
  • The average score is 11 of 22
Answer Stats
Country % Correct
Canada
71%
Mexico
71%
Ecuador
68%
Lebanon
63%
Belize
62%
Paraguay
61%
Guatemala
60%
Haiti
59%
Bolivia
58%
Peru
58%
El Salvador
54%
Spain
54%
Dominican Republic
52%
Fiji
51%
Grenada
44%
San Marino
42%
Moldova
38%
Cyprus
37%
Equatorial Guinea
27%
Eritrea
19%
Turkmenistan
15%
Afghanistan
12%
No matching quizzes found
Score Distribution
Percent of People with Each Score
Percentile by Number Answered
Your Score History
You have not taken this quiz since the last reset